Welcome to the Holygrace Academy Library

Please use search bar below to get started

KING SOLOMON'S MINES (Record no. 350)

MARC details
000 -LEADER
fixed length control field 00307nam a22001337a 4500
020 ## - INTERNATIONAL STANDARD BOOK NUMBER
ISBN 817826307-6
082 ## - DEWEY DECIMAL CLASSIFICATION NUMBER
Classification number 823
Item number HAG/K
100 ## - MAIN ENTRY--AUTHOR NAME
Personal name H. RIDER HAGGARD
245 ## - TITLE STATEMENT
Title KING SOLOMON'S MINES
260 ## - PUBLICATION, DISTRIBUTION, ETC. (IMPRINT)
Place of publication DELHI
Name of publisher ROHAN BOOK COMPANY
Year of publication 2003
300 ## - PHYSICAL DESCRIPTION
Number of Pages 224
650 ## - SUBJECT ADDED ENTRY--TOPICAL TERM
Topical Term MODERN ILLUSTRATED CLASSICS
942 ## - ADDED ENTRY ELEMENTS (KOHA)
Koha item type Books

No items available.